British History Quiz #11 (WW2) - Statistics

General Stats
  • This quiz has been taken 179 times
  • The average score is 8 of 16
Answer Stats
Hint Answer % Correct
Where did the BEF evacuate from mainland Europe with the help of civilian boats Dunkirk
93%
Who was prime minister at the outbreak of the war Neville Chamberlain
87%
What is the name of the aerial battle over the English channel Battle of britain
82%
Which invention that was used to detect enemy aircraft gave Britain a huge advantage when intercepting German bombers Radar
82%
Who was the British field marshal who planned operation market garden Bernard Montgomery
58%
Juno
58%
Name of the special forces unit that was founded to cause disruption to supply lines in north Africa SAS
52%
Which prominent Nazi leader crashed in Scotland to try to negotiate peace between Britain and Germany Rudolph Hess
51%
Sword
50%
Which Civilian militia is portrayed in the television series dads army Home guard
48%
Name the three codenames of the beaches the British commonwealth landed on during D-day Gold
45%
Name of the Allied operation to invade of French North Africa Torch
31%
Which plane manufacturing company designed the spitfire Supermarine Aviation Works
28%
Name of the "pride of the fleet" that sunk in 1941 in the Denmark strait between Iceland and Greenland HMS Hood
27%
Who invented the bouncing bomb Barnes Wallis
24%
What was the name of the machine that broke the enigma code Bombe
14%
No matching quizzes found
Score Distribution
Percent of People with Each Score
Percentile by Number Answered
Your Score History
You have not taken this quiz